000 00208nam a22000857a 4500
008 170111b xxu||||| |||| 00| 0 eng d
100 _92332
_aCarrasco.L.E.
245 _aEnglish Grammar-4
260 _bGood Luck
_c2011
999 _c5270
_d5270